| 000 | 02321cam a22004454i 4500 | ||
|---|---|---|---|
| 003 | PE-LiUPU | ||
| 005 | 20250731165407.0 | ||
| 008 | 151014s2014 pe a grm 000 0 spa d | ||
| 035 | _a(Sirsi) a154873 | ||
| 040 |
_aPE-LiUPU _bspa _cPE-LiUPU _erda |
||
| 099 |
_aTF 3 _bR21 2014 |
||
| 100 | 1 |
_aRamírez Guerra, Rosa Mercedes _eautor |
|
| 245 | 1 |
_aClima social familiar y su relación con las estrategias de afrontamiento de los estudiantes de la Universidad Peruana Unión filial Tarapoto en el año 2013 / _cRosa Mercedes Ramírez Guerra. |
|
| 264 | 0 | _c2014. | |
| 300 |
_a125 hojas : _bilustraciones; _c30 cm |
||
| 336 |
_atext _2rdacontent |
||
| 337 |
_aunmediated _2rdamedia |
||
| 338 |
_avolume _2rdacarrier |
||
| 502 |
_aTesis _b(Mg.) -- _cUniversidad Peruana Unión, _d2014. |
||
| 504 | _aIncluye referencias | ||
| 520 | 3 | _aEl propósito del presente estudio es buscar la relación que existe entre el clima familiar y las estrategias de afrontamiento en los alumnos de la Universidad Peruana Unión filial Tarapoto. El estudio de corte transversal y de tipo correlacional, se llevó a cabo en una muestra de 274 estudiantes comprendidos entre los 16 y 21 años. Los instrumentos usados fueron la Escala de Clima Social Familiar de Moos (FES), Y EL Cuestionario de afrontamiento COPE-28. Los resultados obtenidos demuestran que cuando el clima social familiar en las relaciones familiares y en el desarrollo familiar es negativo tiende a incrementarse las estrategias de afrontamiento no adaptativo tales como el consumo de sustancias, desconexión conductual, desahogo emocional y búsqueda de apoyo social emocional; la dimensión estabilidad familiar no se relaciona con las estrategias de afrontamiento. | |
| 526 | _aSEG44 | ||
| 526 | _aSEG26 | ||
| 526 | _aP151 | ||
| 526 | _aP150 | ||
| 526 | _aP149 | ||
| 526 | _aP146 | ||
| 526 | _aP145 | ||
| 526 | _aP126 | ||
| 526 | _aP125 | ||
| 526 | _aP92 | ||
| 526 | _aP75 | ||
| 526 | _aP74 | ||
| 526 | _aP27 | ||
| 526 | _aP15 | ||
| 650 | 0 | 4 |
_aUniversidad Peruana Unión (Tarapoto) _xRelaciones familiares _xAdaptación (Psicología). |
| 596 | _a1 | ||
| 942 |
_2ddc _cTESIS |
||
| 999 |
_aTF 3 R21 2014 _wALPHANUM _c7567 _iT01672 _lCCODEBUL3 _mBUL _r1 _sY _tTESIS _u2015-10-14 _xPOSGRADO _PP54 _o.STAFF. Tesis _d7567 |
||
| 980 |
_81 _gALBERTO SANCHEZ Responsable de Automatización |
||